000 03114cam a22006494i 4500
003 PE-LiUPU
005 20250731170452.0
008 150706s2009 pe a r 000 0 spa d
020 _a6124023091
020 _a9786124023095
035 _a(Sirsi) i9786124023095
040 _aPE-LiUPU
_bspa
_cPE-LiUPU
_dPE-LiUPU
_erda
049 _aPRUA
082 0 4 _a155.4222
_bR53
_221
100 1 _aRico Molina, Mirella,
_d1980-,
_eautor.
245 1 0 _aActividades para el niño de 0 a 6 meses /
_cMirella Rico Molina.
264 1 _aLima :
_bSouthern Perú,
_c2009.
300 _a170 páginas :
_bilustraciones ;
_c21 centímetros.
336 _atext
_2rdacontent
337 _aunmediated
_2rdamedia
338 _avolume
_2rdacarrier
490 0 _aGuía para madres: Maestras de sus hijos
505 0 _aGuía para madres: maestras en la educación de sus hijos -- Actividades para el niño de 0 a 6 meses -- Recomendaciones para realizar las actividades estructura -- ¿Cómo es el bebé del nacimiento al primer mes de vida? -- Actividades para el bebé del nacimiento al primer mes -- ¿Cómo es el bebé del primer al segundo mes de vida? -- Actividades para el bebé del primer al segundo mes -- ¿Cómo es el bebé del segundo al tercer mes de vida? -- Actividades para el bebé del segundo al tercer mes -- ¿Cómo es el bebé del tercer al cuarto mes de vida? -- Actividades para el bebé del tercer al cuarto mes -- ¿Cómo es el bebé del cuarto al quinto mes de vida? -- Actividades para el bebé del cuarto al quinto mes de vida? -- ¿Cómo es el bebé del quinto al sexto mes de vida? -- Actividades para el bebé del quinto al sexto mes? -- Logros educativos para el nivel inicial -- Nuestro aporte educativo --Áreas curriculares y competencias del primer ciclo de educación inicial (0 a 2 años) -- Capacidades a desarrollar según las Áreas Curriculares de 0 a 6 meses.
526 _aSEG68
526 _aSEG70
526 _aSEG69
526 _aSEG67
526 _aSEG43
526 _aP144
526 _aP143
526 _aP131
526 _aP122
526 _aP120
526 _aP117
526 _aP112
526 _aP110
526 _aP106
526 _aP101
526 _aP80
526 _aP59
526 _aP54
526 _aP35
526 _aP33
526 _aP30
541 _g015-0012763;
650 1 4 _aEstimulación temprana
_vManuales.
650 1 4 _aMotivavación (Psicología) en niños.
650 2 4 _aPsicología Infantil.
650 2 4 _aNiños recien nacidos
_xSalud e higiene.
650 2 4 _aLactencia materna.
910 _bjv
_cng
_d20110601
942 _2ddc
_cBOOK
949 _a155.4222 R53
_wDEWEY
_c1
_i63042
_lCCODEBUL1
_mBUL
_p9.00
_r0
_sY
_tBOOK
_u2015-7-6
_xEDUCACION
_PP20
_o.STAFF. Colección Ciencias de la Salud
994 _aC0
_bPEPRU
596 _a1
999 _a155.4222 R53
_wDEWEY
_c52057
_i63042
_d52057
_e2018-5-7
_f2021-11-3
_g6
_lCCODEBUL1
_mBUL
_n2
_p9.00
_r0
_sY
_tBOOK
_u2015-7-6
_xSALUD
_zUNKNOWN
_0COMPRA
_o.STAFF. Colección Ciencias de la Salud
980 _81
_gALBERTO SANCHEZ Responsable de Automatización